[Event "Quebec-ch Senior"]
[Site "Montreal"]
[Date "2016.04.23"]
[Round "3.9"]
[White "Molloy, Francis"]
[Black "Langlois, Jean Marie"]
[Result "1/2-1/2"]
[WhiteElo "1533"]
[BlackElo "1356"]
[PlyCount "32"]
[EventDate "2016.04.22"]
[EventType "swiss"]
[EventRounds "5"]
[EventCountry "CAN"]
[SourceTitle "EXT 2022"]
[Source "ChessBase"]
[SourceDate "2021.10.06"]
[SourceVersion "1"]
[SourceVersionDate "2021.10.06"]
[SourceQuality "1"]

1. Nf3 d5 2. d4 e6 3. c4 Be7 4. e3 Nf6 5. Qb3 c6 6. cxd5 cxd5 7. Bb5+ Bd7 8. Ne5 Qc7 9. Bxd7+ Nbxd7 10. 0-0 Nxe5 11. dxe5 Nd7 12. f4 0-0 13. Qc3 Qb6 14. Qb3 Qc7 15. Qc3 Qb6 16. Qb3 Qc7 1/2-1/2

[Event "Quebec-ch Senior"]
[Site "Montreal"]
[Date "2014.02.09"]
[Round "4"]
[White "Brunet, Guy"]
[Black "Langlois, Jean Marie"]
[Result "1/2-1/2"]
[WhiteElo "1584"]
[BlackElo "1374"]
[PlyCount "91"]
[EventDate "2014.02.07"]
[EventType "swiss"]
[EventRounds "5"]
[EventCountry "CAN"]
[SourceTitle "EXT 2022"]
[Source "ChessBase"]
[SourceDate "2021.10.06"]
[SourceVersion "1"]
[SourceVersionDate "2021.10.06"]
[SourceQuality "1"]

1. d4 Nf6 2. Nf3 e6 3. Bf4 b6 4. e3 Bb7 5. Nbd2 Be7 6. Bc4 d5 7. Bb3 Nbd7 8. 0-0 Nh5 9. c3 0-0 10. Ne5 Nxf4 11. exf4 c5 12. Rc1 a6 13. Bc2 cxd4 14. cxd4 Rc8 15. Qh5 g6 16. Qe2 Re8 17. Ba4 b5 18. Bc2 Bd6 19. Ndf3 f6 20. Nxd7 Qxd7 21. g3 Rc4 22. Bd3 Rc7 23. a3 Rec8 24. Qd2 Bf8 25. Rc2 Rxc2 26. Bxc2 Qc7 27. Bd3 Qd6 28. Rc1 Rxc1+ 29. Qxc1 Qc6 30. Qxc6 Bxc6 31. b4 Kf7 32. Nd2 Bb7 33. Nb3 g5 34. Kg2 Kg7 35. Kf3 h5 36. Ke3 Kf7 37. h4 Bc8 38. Nc5 Kg7 39. Nb3 Kf7 40. Kd2 Kg7 41. Kc3 Kf7 42. Na5 Bd7 43. Be2 Kg6 44. Nb7 Be7 45. Nc5 Bxc5 46. dxc5 1/2-1/2